POROVNANIE MUTAČNÝCH SPEKTIER N-NITRÓZO-N-METYL- A N-NITRÓZO-N-ETYLMOČOVINY APLIKOVANÝCH NA RIASY

Podrobná bibliografia
Hlavní autori: Podstavková, Svetlana (Autor), Miadoková, Eva, 1946- (Autor)
Médium: Článok
Jazyk:slovenčina

MARC

LEADER 00000nab a2200000uu 4500
001 vtls011439824
003 SK-MaSNL
005 20260303123058.0
008 230213|1975 xo |||||||||||||||||slo|
015 |a SNBRB 
035 |a (urnnbn)urn:nbn:sk:snk:ar-002xcm 
035 |a (uuid)bec2dba1-dc7c-4e3a-9b5c-f2b02882d78c 
035 |a urn:nbn:sk:snk-abcefr 
040 |a SNKBUCL  |b slo  |c SNKBUCL  |e AACR2 
041 0 |a slo 
044 |a xo  |c SK 
100 1 |a Podstavková, Svetlana  |4 aut  |9 930002 
245 1 0 |a POROVNANIE MUTAČNÝCH SPEKTIER N-NITRÓZO-N-METYL- A N-NITRÓZO-N-ETYLMOČOVINY APLIKOVANÝCH NA RIASY  |c Svetlana Podstavková, Eva Miadoková 
700 1 |a Miadoková, Eva,  |d 1946-  |4 aut  |9 5905 
773 0 |t Biológia : časopis Slovenskej akadémie vied  |g Roč. 30, č. 3 (1975), s. 197-207 
954 |a odborná, vedecká literatúra pôvodná (slovenská)  |2 lita 
958 |a OND 
958 |a EUIPO 
958 |a article16 
999 |c 1923161  |d 1925091